Violences de la maladie, violence de la vie - 2e éd (notice n° 1566774)

détails MARC
000 -LEADER
fixed length control field 01259cam a2200133 4500500
005 - DATE AND TIME OF LATEST TRANSACTION
control field 20251214002157.0
041 ## - LANGUAGE CODE
Language code of text/sound track or separate title fre
042 ## - AUTHENTICATION CODE
Authentication code dc
100 10 - MAIN ENTRY--PERSONAL NAME
Personal name Marin, Claire
Relator term author
245 00 - TITLE STATEMENT
Title Violences de la maladie, violence de la vie - 2e éd
260 ## - PUBLICATION, DISTRIBUTION, ETC.
Name of publisher, distributor, etc. Armand Colin,<br/>
Date of publication, distribution, etc. 2015.<br/>
520 ## - SUMMARY, ETC.
Summary, etc. Dans la maladie, le sujet fait l'expérience d'une violence démultipliée, l'assaillant de toutes parts. Violence faite au corps, par le mal et les traitements ; violence symbolique des discours, des regards et des jugements infligés au patient par la société et le milieu médical. Violence d'une marginalisation qui redouble la solitude d'un malade emprisonné dans sa souffrance. Pourtant, la philosophie est largement passée à côté de cette violence. Elle n'aborde en général cette épreuve existentielle que de biais. comme paradigme pour penser l'anormal. Ce détour est significatif d'un malaise, celui de la pensée face à une violence inhérente au vivant lui-même.Comment appréhender ce pouvoir destructeur de la vie ? En quoi nous oblige-t-il à repenser entièrement le soin ? Pour quel bénéfice ?
856 41 - ELECTRONIC LOCATION AND ACCESS
Uniform Resource Identifier <a href="https://stm.cairn.info/violences-de-la-maladie-violence-de-la-vie--9782200602864?lang=fr&redirect-ssocas=7080">https://stm.cairn.info/violences-de-la-maladie-violence-de-la-vie--9782200602864?lang=fr&redirect-ssocas=7080</a>

Pas d'exemplaire disponible.

PLUDOC

PLUDOC est la plateforme unique et centralisée de gestion des bibliothèques physiques et numériques de Guinée administré par le CEDUST. Elle est la plus grande base de données de ressources documentaires pour les Étudiants, Enseignants chercheurs et Chercheurs de Guinée.

Adresse

627 919 101/664 919 101

25 boulevard du commerce
Kaloum, Conakry, Guinée

Réseaux sociaux

Powered by Netsen Group @ 2025